000 01612nam a2200325 i 4500
001 bg
100 1 _aKACZMAR, Jacek Władysław
245 1 0 _aSpiekane materiały kompozytowe uzyskiwane w procesie mechanicznego wytwarzania stopów i wyciskania /
_cJacek Władysław Kaczmar.
246 1 1 _aSintered composite materials produced by mechanical alloying and extrusion processes
260 _aWrocław :
_bOficyna Wydawnicza PW,
_c1997.
300 _a138 s. :
_bfot., rys., wykr. ;
_c24 cm.
490 1 _aPrace Naukowe Instytutu Technologii Maszyn i Automatyzacji Politechniki Wrocławskiej. Monografie =
_aScientific Papers of the Institute of Mechanical Engineering and Automatization of the Technical University of Wrocław. Monographs,
_x0867-5325 ;
_v19
500 _aTyt. równol. : Sintered composite materials produced by mechanical alloying and extrusion processes. - Numeracja w serii gł. : 65. - Streszcz. ang.
504 _aBibliogr. s. 121-132.
650 9 _aAluminium
_xobróbka plastyczna
650 9 _aKompozyty
_xmechanika
650 9 _aMiedź
_xobróbka plastyczna
650 9 _aSpiekanie
650 9 _aStopy (metalurg.)
_xobróbka plastyczna
650 9 _aWyciskanie
710 0 _aPOLITECHNIKA WROCŁAWSKA (Wrocław)
_bInstytut Technologii Maszyn i Automatyzacji
830 0 _aPrace Naukowe Instytutu Technologii Maszyn i Automatyzacji Politechniki Wrocławskiej.
_pMonografie ;
_v19
020 _a8370852807
040 _cBPK
041 0 _apl
_ben
080 _a669.3:669.71:622.7:621.77
920 _a83-7085-280-7
942 _cKS
008 s pl f |000 0 pol
999 _c33179
_d33179
856 _uhttp://koha.tu.koszalin.pl/cgi-bin/koha/opac-detail.pl?biblionumber=33179
_yKatalog online BPK